000 00332nam a22001217a 4500
020 _a9780143464983
082 _a327.54 BHA/N
100 _aBhasin, A S
245 _aNegotiating India's landmark agreements/
_cby A.S. Bhasin
260 _a. - Haryana
_b: Penguin Random House
_c, 2024
300 _axiv+385 pages
942 _2ddc
_cBK
999 _c750059
_d750059